Statistics for Countries with a single unique 3-letter block

Click here to take the quiz!

General Stats

  • This quiz has been taken 49 times
  • The average score is 24 of 26

Answer Stats

COUNTRYBlock% Correct
FranceFRA
98%
ChinaHIN
98%
ChileILE
98%
AlgeriaLGE
98%
AndorraORR
98%
BurundiUND
98%
BurmaURM
98%
GambiaGAM
94%
IraqRAQ
92%
IrelandREL
92%
PalauLAU
90%
NauruNAU
90%
NetherlandsNET
90%
SloveniaOVE
90%
PakistanPAK
90%
PolandPOL
90%
RomaniaROM
90%
North KoreaRTH
90%
SomaliaSOM
90%
ParaguayPAR
88%
Solomon IslandsSOL
88%
SurinameSUR
85%
SwazilandWAZ
85%
ThailandAIL
83%
UgandaGAN
81%
South AfricaHAF
77%

Score Distribution

Percentile by Number Answered

Percent of People with Each Score

Your Score History

You have not taken this quiz